Afrikan maat kartalla - Statistics

Yleistilastot
  • Tätä visaa on pelattu 331 kertaa
    330 viimeisimmän päivityksen jälkeen
  • Keskiarvotulos 43 / 54
Vastaukset kartalla
Vastauksille on annettu kartalla punavihreä väri sen mukaan, kuinka moni on saanut sen oikein.
 
Vastaustilastot
Maa % Oikein
Egypti
98%
Madagaskar
97%
Etelä-Afrikka
96%
Algeria
95%
Marokko
95%
Somalia
94%
Kongon demokraattinen tasavalta
93%
Niger
93%
Kongon tasavalta
92%
Libya
92%
Sudan
92%
Nigeria
91%
Etelä-Sudan
89%
Etiopia
89%
Tunisia
89%
Kenia
87%
Norsunluurannikko
87%
Mali
85%
Tsad
85%
Angola
84%
Namibia
83%
Tansania
83%
Keski-Afrikan tasavalta
82%
Mauritania
81%
Guinea
80%
Zimbabwe
80%
Ghana
79%
Eritrea
78%
Botswana
76%
Lesotho
75%
Liberia
75%
Ruanda
75%
Sambia
75%
Togo
75%
Uganda
75%
Kap Verde
73%
Mosambik
73%
Päiväntasaajan Guinea
73%
Benin
72%
Kamerun
71%
Malawi
71%
Mauritius
71%
Senegal
71%
Gambia
70%
Swazimaa
68%
Burundi
67%
Djibouti
67%
Guinea-Bissau
67%
Burkina Faso
66%
Seychellit
65%
Sierra Leone
65%
Gabon
64%
Komorit
63%
São Tomé ja Príncipe
59%
Ehtoja vastaavia visoja ei löytynyt
Tulosjakauma
Jokaisen tuloksen saaneiden osuus
Persentiili vastausten määrän mukaan
Tuloshistoriasi
Et ole pelannut tätä visaa sen viimeisimmän päivityksen jälkeen